| 000 | 00815nam a2200253Ia 4500 | ||
|---|---|---|---|
| 003 | GCL | ||
| 008 | 140319s9999 xx 000 0 ara d | ||
| 040 |
_aGCL / _cGCL |
||
| 082 | 0 | 4 |
_a348.04 _bم ث |
| 100 | 1 | _aمصطفى بكرى | |
| 245 | 1 | 0 |
_aثورة الابن: اسرار ووثائق قضية ثورة مصر / _cمصطفى بكرى |
| 260 |
_a[S.N] : _bدار الحرية للصحافة والطباعة والنشر ، _c1988 |
||
| 300 | _a290 ص | ||
| 490 | _a | ||
| 650 | 0 | 4 | _aالعصر الحديث |
| 650 | 0 | 4 | _aمصر |
| 650 | 0 | 4 | _aتاريخ |
| 650 | 0 | 4 | _aالجمعيات السرية |
| 650 | 0 | 4 | _aالجرائم السياسية |
| 650 | 0 | 4 | _aاتفاقيات كامب ديفيد |
| 650 | 0 | 4 | _aالدبلوماسيون |
| 650 | 0 | 4 | _aجمال عبدالناصر |
| 942 |
_2ddc _cBK |
||
| 999 |
_c29101 _d29101 |
||